000 00588nam a2200193Ia 4500
005 20250326141116.0
008 250326s9999 xx 000 0 und d
020 _a0-87584-612-2
037 _aTextbook
040 _aFMSL
_beng
_cFMSL
041 _aeng
_2eng
084 _aX:8 N5
_qFMSL
100 _aLeonard Barton D
_9743722
245 0 _aWellsprings to knowledge: building and sustaning the source of innovation
_cLeonard Barton D
260 _aNew York
_bNew York, Harvard Business School
_c1995
300 _a349p
942 _cTB
_hX:8 N5
999 _c1288737
_d1288737